|
|
|
|
| LEADER |
00000caa a22000002c 4500 |
| 001 |
1631409115 |
| 003 |
DE-627 |
| 005 |
20220607125402.0 |
| 007 |
tu |
| 008 |
130313s1987 xx ||||| 00| ||eng c |
| 035 |
|
|
|a (DE-627)1631409115
|
| 035 |
|
|
|a (DE-576)379925036
|
| 035 |
|
|
|a (DE-599)BSZ379925036
|
| 040 |
|
|
|a DE-627
|b ger
|c DE-627
|e rakwb
|
| 041 |
|
|
|a eng
|
| 100 |
1 |
|
|a Taylor, M.
|4 aut
|
| 245 |
1 |
0 |
|a Psychology, law and enforcement
|c M. Taylor
|
| 264 |
|
1 |
|c 1987
|
| 336 |
|
|
|a Text
|b txt
|2 rdacontent
|
| 337 |
|
|
|a ohne Hilfsmittel zu benutzen
|b n
|2 rdamedia
|
| 338 |
|
|
|a Band
|b nc
|2 rdacarrier
|
| 773 |
0 |
8 |
|i In
|t The Irish journal of psychology
|d Galway, 1971
|g 8(1987), 1, Seite 20-31
|w (DE-627)166552577
|w (DE-600)221556-1
|w (DE-576)015020304
|x 0303-3910
|7 nnas
|
| 773 |
1 |
8 |
|g volume:8
|g year:1987
|g number:1
|g pages:20-31
|
| 951 |
|
|
|a AR
|
| ELC |
|
|
|b 1
|
| LOK |
|
|
|0 000 xxxxxcx a22 zn 4500
|
| LOK |
|
|
|0 001 3282138148
|
| LOK |
|
|
|0 003 DE-627
|
| LOK |
|
|
|0 004 1631409115
|
| LOK |
|
|
|0 005 20260302085622
|
| LOK |
|
|
|0 008 130313||||||||||||||||ger|||||||
|
| LOK |
|
|
|0 040
|a DE-21-110
|c DE-627
|d DE-21-110
|
| LOK |
|
|
|0 689
|a s
|a Forensische Psychologie
|
| LOK |
|
|
|0 852
|z Kein Bestand am IfK; Nachweis für KrimDok
|
| LOK |
|
|
|0 852
|a DE-21-110
|
| LOK |
|
|
|0 852 1
|m v
|9 00
|
| LOK |
|
|
|0 935
|a k110
|
| LOK |
|
|
|0 938
|k v
|
| LOK |
|
|
|0 939
|a 13-03-13
|b l01
|
| ORI |
|
|
|a WA-MARC-krimdoka001.raw
|